Central Library OPAC University of Rajshahi

বাংলার মর্সীয়া সাহিত্য : (Record no. 48299)

MARC details
000 -LEADER
fixed length control field 00996nam a2200241 a 4500
001 - CONTROL NUMBER
control field 48299
003 - CONTROL NUMBER IDENTIFIER
rucl marc code BD-RjUL
005 - DATE AND TIME OF LATEST TRANSACTION
control field 20211209054509.0
008 - FIXED-LENGTH DATA ELEMENTS--GENERAL INFORMATION
fixed length control field 160813s1969 bg ||||| |||| 00| 0 ben d
020 ## - INTERNATIONAL STANDARD BOOK NUMBER
Terms of availability : Tk. 10.00
035 ## - SYSTEM CONTROL NUMBER
System control number (BD-RjUL)48418
040 ## - CATALOGING SOURCE
Original cataloging agency BD-RjUL
Language of cataloging ben
Transcribing agency BD-RjUL
041 ## - LANGUAGE CODE
Language code of text/sound track or separate title ben
082 ## - DEWEY DECIMAL CLASSIFICATION NUMBER
Edition number 23
Classification number 891.4409
Author mark and year SAB 1964
100 1# - MAIN ENTRY--PERSONAL NAME
Personal name সাকলায়েন, গোলাম
9 (RLIN) 116893
245 10 - TITLE STATEMENT
Title বাংলার মর্সীয়া সাহিত্য :
Remainder of title মধ্যযুগ হইতে আধুনিক যুগ পর্যন্ত /
250 ## - EDITION STATEMENT
Edition statement ১ম সং
260 ## - PUBLICATION, DISTRIBUTION, ETC. (IMPRINT)
Place of publication, distribution, etc. ঢাকা :
Name of publisher, distributor, etc. পাকিস্তান বুক করপোরেশন,
Date of publication, distribution, etc. ১৯৬৪
300 ## - PHYSICAL DESCRIPTION
Pagination বিভিন্ন রকম পৃ. ;
Size ২৩ সেমি.
650 ## - SUBJECT ADDED ENTRY--TOPICAL TERM
Topical term or geographic name as entry element বাংলা সাহিত্য
Form subdivision ইতিহাস ও সমালোচনা
9 (RLIN) 117445
Topical term or geographic name as entry element Bengali literature
Form subdivision History and criticism
9 (RLIN) 146231
942 ## - ADDED ENTRY ELEMENTS (KOHA)
Source of classification or shelving scheme Dewey Decimal Classification
Koha item type Books
Holdings
Lost status Source of classification or shelving scheme Damaged status Not for loan Collection code Permanent Location Current Location Shelving location Date acquired Source of acquisition Cost, normal purchase price Total Checkouts Full call number Date last seen Copy number Koha item type
  Dewey Decimal Classification     Non-fiction Central Library, University of Rajshahi Central Library, University of Rajshahi   05/04/1978 Eureka Book Agency, Rajshahi 10.00   B 891.4409 SAB 1964 13/08/2016 C-2 Books
  Dewey Decimal Classification     Non-fiction Central Library, University of Rajshahi Central Library, University of Rajshahi   05/04/1978 Eureka Book Agency, Rajshahi 10.00   B 891.4409 SAB 1964 13/08/2016 C-3 Books
  Dewey Decimal Classification     Non-fiction Central Library, University of Rajshahi Central Library, University of Rajshahi   05/04/1978 Eureka Book Agency, Rajshahi 10.00   B 891.4409 SAB 1964 13/08/2016 C-4 Books
  Dewey Decimal Classification     Non-fiction Central Library, University of Rajshahi Central Library, University of Rajshahi   05/04/1978 Eureka Book Agency, Rajshahi 10.00   B 891.4409 SAB 1964 13/08/2016 C-5 Books
  Dewey Decimal Classification     Non-fiction Central Library, University of Rajshahi Central Library, University of Rajshahi   05/04/1978 Eureka Book Agency, Rajshahi 10.00   B 891.4409 SAB 1964 13/08/2016 C-6 Books
  Dewey Decimal Classification     Non-fiction Central Library, University of Rajshahi Central Library, University of Rajshahi   05/04/1978 Eureka Book Agency, Rajshahi 10.00   B 891.4409 SAB 1964 13/08/2016 C-7 Books
  Dewey Decimal Classification     Non-fiction Central Library, University of Rajshahi Central Library, University of Rajshahi   05/04/1978 Eureka Book Agency, Rajshahi 10.00   B 891.4409 SAB 1964 13/08/2016 C-8 Books
  Dewey Decimal Classification     Non-fiction Central Library, University of Rajshahi Central Library, University of Rajshahi   05/04/1978 Eureka Book Agency, Rajshahi 10.00   B 891.4409 SAB 1964 18/08/2016 C-9 Books
  Dewey Decimal Classification     Non-fiction Central Library, University of Rajshahi Central Library, University of Rajshahi   05/04/1978 Eureka Book Agency, Rajshahi 10.00   B 891.4409 SAB 1964 18/08/2016 C-10 Books
  Dewey Decimal Classification   Not For Loan Non-fiction Central Library, University of Rajshahi Central Library, University of Rajshahi Reading Room 05/04/1978 Eureka Book Agency, Rajshahi 10.00   B 891.4409 SAB 1964 18/08/2016 C-1 Books